[Event "Baden-ch U16"]
[Site "Schoeneck"]
[Date "2002.01.05"]
[Round "6"]
[White "Esslinger, Tanja"]
[Black "Fischer, Benjamin"]
[Result "0-1"]
[WhiteElo "888"]
[BlackElo "1466"]
[PlyCount "98"]
[EventDate "2002.01.??"]
[EventType "swiss"]
[EventRounds "7"]
[EventCountry "GER"]
[SourceTitle "EXT 2003"]
[Source "ChessBase"]
[SourceDate "2002.11.25"]
[SourceVersion "1"]
[SourceVersionDate "2002.11.25"]
[SourceQuality "1"]

1. e4 e6 2. Nc3 c5 3. Bc4 a6 4. Nf3 b5 5. Be2 Bb7 6. d4 Nf6 7. e5 Nd5 8. Nxd5 Bxd5 9. c3 Nc6 10. Be3 c4 11. b3 Na5 12. b4 Nc6 13. a4 Be7 14. axb5 axb5 15. Rxa8 Qxa8 16. 0-0 0-0 17. Qb1 f5 18. exf6 Bxf6 19. Ng5 Bxg5 20. Bxg5 Bxg2 21. Re1 Bh3 22. Bf1 Bxf1 23. Rxf1 Qe8 24. Bh4 Qh5 25. Bg3 Qf3 26. Qc2 h5 27. Qg6 Qxc3 28. Bd6 Rf7 29. Qxh5 Qxd4 30. Bg3 Nxb4 31. Qxb5 c3 32. Qg5 Qf6 33. Qc5 Nd5 34. Qc8+ Kh7 35. Qb8 c2 36. Be5 Qg6+ 37. Bg3 Qd3 38. Qb2 Ne3 39. Re1 Qd1 40. Qc3 Nd5 41. Qe5 c1Q 42. Rxd1 Qxd1+ 43. Kg2 Qf3+ 44. Kf1 Ne3+ 45. Qxe3 Qxe3 46. Kg2 Qf3+ 47. Kf1 Rf5 48. Ke1 Rd5 49. Kf1 Rd1# 0-1

[Event "Baden-ch U16"]
[Site "Schoeneck"]
[Date "2002.01.03"]
[Round "4"]
[White "Schubert, Christian3333"]
[Black "Esslinger, Tanja"]
[Result "1-0"]
[WhiteElo "2295"]
[BlackElo "888"]
[PlyCount "157"]
[EventDate "2002.01.??"]
[EventType "swiss"]
[EventRounds "7"]
[EventCountry "GER"]
[SourceTitle "EXT 2003"]
[Source "ChessBase"]
[SourceDate "2002.11.25"]
[SourceVersion "1"]
[SourceVersionDate "2002.11.25"]
[SourceQuality "1"]

1. d4 d5 2. c4 c6 3. Bf4 Nd7 4. Nf3 e6 5. Nc3 Nb6 6. cxd5 cxd5 7. e4 Nf6 8. Bd3 dxe4 9. Nxe4 Nxe4 10. Bxe4 Nd5 11. Bxd5 Qxd5 12. a3 Bd6 13. Be5 0-0 14. Qd3 h6 15. 0-0 Bxe5 16. Nxe5 b6 17. Rfe1 Bb7 18. f3 Rad8 19. Rad1 Rd6 20. Nc4 Ba6 21. Ne3 Bxd3 22. Nxd5 Rxd5 23. Rxd3 a5 24. Re5 Re8 25. Rxd5 exd5 26. Kf2 Re6 27. Rc3 Rf6 28. Rc8+ Kh7 29. Rd8 Rf5 30. Rd6 b5 31. Rb6 b4 32. axb4 axb4 33. Rxb4 g5 34. g4 Rf4 35. Ra4 Kg6 36. Ke3 f5 37. Ra6+ Kf7 38. Rd6 fxg4 39. fxg4 Rxg4 40. Rxh6 Rg2 41. b4 Rb2 42. Rb6 Rxh2 43. Kf3 Kg7 44. Rd6 Rd2 45. Rxd5 Kf6 46. b5 Rb2 47. Rc5 Rb3+ 48. Kg4 Rb2 49. Rc6+ Ke7 50. b6 Kd7 51. d5 Rb4+ 52. Kf5 Rb5 53. Ke5 g4 54. Rg6 Rb4 55. Rg7+ Kc8 56. Kd6 Rxb6+ 57. Kc5 Rb7 58. Rxg4 Rc7+ 59. Kd4 Ra7 60. Rg8+ Kb7 61. Rg7+ Kb8 62. Rxa7 Kxa7 63. Kc5 Kb7 64. d6 Kc8 65. Kc6 Kd8 66. d7 Ke7 67. Kc7 Ke6 68. d8Q Ke5 69. Qd6+ Ke4 70. Kc6 Kf5 71. Qe7 Kf4 72. Kd5 Kf5 73. Qf7+ Kg4 74. Ke5 Kg3 75. Qf4+ Kg2 76. Ke4 Kg1 77. Qd2 Kf1 78. Kf3 Kg1 79. Qg2# 1-0